Statistiques concernant Mots cachés n°31

Cliquez ici pour prendre le quiz!

Statistiques générales

  • Ce quiz a été pris 96 fois
  • Le résultat moyen est 24 sur 25

Statistiques - réponses

QuestionTuileSelect% Correct
rond, dague, groin et rime.CNon
100%
rond, dague, groin et rime.NNon
100%
rond, dague, groin et rime.ONon
100%
rond, dague, groin et rime.SNon
100%
rond, dague, groin et rime.GNon
99%
rond, dague, groin et rime.SNon
99%
rond, dague, groin et rime.ENon
98%
rond, dague, groin et rime.ONon
98%
rond, dague, groin et rime.ONon
98%
rond, dague, groin et rime.UNon
98%
rond, dague, groin et rime.ONon
97%
rond, dague, groin et rime.AOui
95%
rond, dague, groin et rime.EOui
95%
rond, dague, groin et rime.DOui
94%
rond, dague, groin et rime.RNon
93%
rond, dague, groin et rime.GOui
92%
rond, dague, groin et rime.MOui
92%
rond, dague, groin et rime.ROui
92%
rond, dague, groin et rime.UOui
92%
rond, dague, groin et rime.EOui
91%
rond, dague, groin et rime.IOui
91%
rond, dague, groin et rime.OOui
90%
rond, dague, groin et rime.ROui
90%
rond, dague, groin et rime.NOui
87%
rond, dague, groin et rime.NOui
86%

Distribution des résultats

Percentile par nombre de réponses

% des personnes avec chaque résultat

Votre développement - résultats

Vous n’avez pas pris ce quiz